| 000 | 00949nam a2200121Ia 4500 | ||
|---|---|---|---|
| 008 | 220615s9999||||xx |||||||||||||| ||und|| | ||
| 245 | 0 |
_aJoint Modules and Internationalisation in Higher Education _bReflections on the Joint Module «Comparative Studies in Adult Education and Lifelong Learning» |
|
| 546 | _aEnglish[eng] | ||
| 650 | _a«Comparative||Adult||Adult Education||Adult Learning||Balázs||Education||Educational Policies||Egetenmeyer||Employability||Guimaraes||Higher||Internationalisation||Joint||Learning»||Lifelong||Lifelong Learning||Module||Modules||Németh||Paula||Reflections||Regina||Robak||Steffi||Studies | ||
| 700 | _aEgetenmeyer, Regina||Guimaraes, Paula||Németh, Balázs | ||
| 856 | _uhttps://library.oapen.org/bitstream/20.500.12657/27245/1/1002768.pdf||https://library.oapen.org/bitstream/20.500.12657/27245/1/1002768.pdf||https://library.oapen.org/bitstream/20.500.12657/27245/1/1002768.pdf | ||
| 942 | _cEB | ||
| 999 |
_c13258 _d13258 |
||